|
|
|
|
| LEADER |
00000nab a2200000 a 4500 |
| 001 |
vtls009289611 |
| 003 |
SK-MaSNL |
| 005 |
20260303184654.0 |
| 008 |
080425 2007 xo m 000 0 slo |
| 038 |
|
|
|a LVTK
|
| 040 |
|
|
|a LVTK
|b slo
|e AACR2
|c LVTK
|
| 041 |
|
|
|a slo
|
| 044 |
|
|
|a xo
|c SK
|
| 080 |
|
|
|a 93/94
|2 2001
|
| 100 |
1 |
|
|a Pálinkás, Tibor
|4 aut
|9 684258
|
| 245 |
1 |
0 |
|a Hontianske banské mestá a mestečká
|c Tibor Pálinkáš
|
| 650 |
0 |
7 |
|a dejiny
|2 snkbucl
|9 3825
|
| 650 |
0 |
7 |
|a banské mestá
|2 lvtk
|9 66950
|
| 651 |
|
7 |
|a Hontianska župa (Slovensko)
|2 lvtk
|9 98530
|
| 651 |
|
7 |
|a Bátovce (Slovensko)
|2 lvtk
|9 109190
|
| 651 |
|
7 |
|a Pukanec (Slovensko)
|2 lvtk
|9 196060
|
| 773 |
0 |
|
|t Hontianske listy
|g Roč. XVI., č. 6 (2007), s. 6 a 7
|
| 852 |
|
|
|a LVTK
|b KIS3G
|
| 999 |
|
|
|c 2127621
|d 2129551
|